000 00781nam a2200181Ia 4500
008 100920s9999 xx 000 0 und d
082 _b10368
_a410 थ 59
100 _aबनहट्टी श्रीनिवास नारायण.
245 _aमराठी नाट्यकला आणि नाट्यवाङ्रमय.
260 _bगोळे व. ह, पुणे विद्यापीठ, पुणे.
_c1959
300 _a223
_bसाधी
365 _b2.5
520 _aभाषा.
630 _aमराठी नाट्यकला आणि नाट्यवाङ्रमय.
650 _aभाषा.
730 _aमराठी नाट्यकला आणि नाट्यवाङ्रमय.
942 _cBOOK
999 _c676810
_d676807